Personnages de Pinocchio par images - Statistiques

Statistiques générales
  • Ce quiz a été pris 97 fois
  • Le résultat moyen est 7 sur 12
Statistiques - réponses
Par images Réponse % Correct
Geppetto
99%
Pinocchio
99%
Jiminy Cricket
93%
La Fée Bleue
65%
Cléo
63%
Figaro
63%
Monstro
56%
Stromboli
53%
Grand Coquin
48%
Gédéon
39%
Lampwick
30%
Le Cocher
25%
Aucun quiz correspondant
Distribution des résultats
% des personnes avec chaque résultat
Percentile par nombre de réponses
Votre historique - résultats
Vous n’avez pas pris ce quiz